LEADER 01733nam 2200373Ia 450 001 996386306803316 005 20221108005943.0 035 $a(CKB)4940000000082828 035 $a(EEBO)2240858098 035 $a(OCoLC)17893946 035 $a(EXLCZ)994940000000082828 100 $a19880504d1643 uy | 101 0 $aeng 135 $aurbn||||a|bb| 200 12$aA short view of the Antinomian errours$b[electronic resource] $ewith a briefe and plaine answer to them, as the heads of them lye in order in the next page of this book : being a nest of cursed errors hatched by hereticks, fed and nourished by their proselites : being taken as they were flying abroad were brought as the eagle doth her young ones to see if they could endure to looke upon the sun-beams of truth with fixed eyes, the which they could not : were presently adjudged to be a bastard brood, and their necks chopt off, and their carkasses throwne to the dunghill 210 $aLondon $cPrinted by T.B. for Ed. Blakmore and Tho. Bankes, and are to be sold at the Angell in Pauls Church-yard ...$d1643 215 $a[4], 35 p 300 $a"To the reader" signed: Thomas Bakewell. 300 $a"Imprimatur Ja. Cranford." 300 $aReproduction of original in the Huntington Library. 330 $aeebo-0113 606 $aAntinomianism 606 $aHeresies, Christian$xHistory$yModern period, 1500- 615 0$aAntinomianism. 615 0$aHeresies, Christian$xHistory 700 $aBakewell$b Thomas$fb. 1618 or 19.$01003030 801 0$bEAI 801 1$bEAI 801 2$bUMI 801 2$bWaOLN 906 $aBOOK 912 $a996386306803316 996 $aA short view of the Antinomian errours$92355855 997 $aUNISA LEADER 01103nas 2200397 c 450 001 9910896131503321 005 20260218110452.0 035 $a(DE-599)ZDB3062114-8 035 $a(OCoLC)1249066879 035 $a(DE-101)1232355712 035 $a(CKB)4910000000549483 035 $a(DE-599)3062114-8 035 $a(EXLCZ)994910000000549483 100 $a20210428b19081908 |y | 101 0 $ager 135 $aur||||||||||| 181 $ctxt$2rdacontent 182 $cc$2rdamedia 183 $acr$2rdacarrier 200 10$aSatzung des Vereins fu?r Mosel, Hochwald und Hunsru?ck 210 31$aBernkastel-Cues$c[Verlag nicht ermittelbar]$d[1908?] 215 $aOnline-Ressource 300 $aGesehen am 28.04.2021 300 $aMehr nicht digitalisiert 300 $aReproduktion 608 $aZeitschrift$2gnd-content 676 $a914.3 676 $a943 676 $a360 801 0$b0038 801 1$bDE-101 801 2$b9001 906 $aJOURNAL 912 $a9910896131503321 996 $aSatzung des Vereins für Mosel, Hochwald und Hunsrück$94221419 997 $aUNINA